LEADER 01483nam a2200265 i 4500 001 000000028522 003 CaOOAMICUS 005 20201006142505.0 008 180830s18431846it u000 u ita u 040 $aSeMil$bita 110 2 $aArcidiocesi di Milano.$0(OLS)http://semarc/name/400 245 10$aActa Ecclesiae Mediolanensis a sancto Carolo cardinali S. Praxedis archiep. Mediolan. condita, Federici cardinalis Borromaei archiepiscopi Mediolani /$cjussu undique diligentius collecta Carolo Cajetano archiepiscopo cardinali De Gaisruck adprobante rursus edita. 264 1$aMediolani :$bEdente Paulo Pagnonio,$c1843-1846. 300 $a2 v. (1796, VII p.) ;$c32 cm. 500 $aConsistenza: 3 copie dell'intera opera 650 4$aMilano (Arcidiocesi) - Legislazione.$0(OLS)http://semarc/subject/917 700 1 $aGaisruck, Karl Kajetan : von,$d<1769-1846>.$0(OLS)http://semarc/name/4068 700 1 $aBorromeo, Carlo,$c.$0(OLS)http://semarc/name/3012 700 1 $aBorromeo, Federico,$c.$0(OLS)http://semarc/name/3156 774 0 $tTomus 1.$w()256318 774 0 $tTomus 2.$w()256319 941 1 $a4 996 $6245$aActa Ecclesiae Mediolanensis a sancto Carolo cardinali S. Praxedis archiep. Mediolan. condita, Federici cardinalis Borromaei archiepiscopi Mediolani$9(OLS)http://semarc/title/38722 996 $6264$aMediolani :$bEdente Paulo Pagnonio$9(OLS)http://semarc/publisher/37785 LEADER 01035nam a2200253 i 4500 001 000000062832 003 CaOOAMICUS 005 20090708000000.0 008 090708s1947 it u000 u ita u 013 $a34004 040 $aSeMil$bita 100 1 $aCrippa, Romeo.$0(OLS)http://semarc/name/3190 245 13$aIl pensiero di L. Ollé-Laprune /$cRomeo Crippa ; a cura di M. F. Sciacca. 260 $aBrescia :$bMorcelliana,$c1947. 300 $a146 p. ;$c23 cm. 490 0 $aCollezione di filosofia 650 4$aOllé-Laprune, Leon.$0(OLS)http://semarc/subject/12343 700 1 $aSciacca, Michele Federico <1908-1975>.$0(OLS)http://semarc/name/402 830 0$aCollezione di filosofia.$0(OLS)http://semarc/title/6325 850 $aSeMil 852 $aSeMil$W1$xVenegono$y1$m2Q VI 126$j28985$B28985$CSeMilBibl$Z2$F28988 $81 961 $aOmaggio: Oggioni don Costantino 996 $6245$aIl pensiero di L. Ollé-Laprune$9(OLS)http://semarc/title/98988 996 $6260$aBrescia :$bMorcelliana$9(OLS)http://semarc/publisher/29629